| 000 | 00522nam a2200193Ia 4500 | ||
|---|---|---|---|
| 008 | 131103s9999 xx 000 0 und d | ||
| 020 |
_a81 237 1682 6 _cRs.45.00 |
||
| 040 | _aLoreto College | ||
| 041 | _aEnglish | ||
| 082 |
_aREF _b3 LCBED/13249 |
||
| 100 | _aBedi, Ramesh | ||
| 245 |
_aElephant _b lord of the jungle _cRamesh Bedi |
||
| 260 |
_aNew Delhi _bNational Book Trust _c1998 |
||
| 300 |
_a101p. _b pic. _c 21cm. |
||
| 440 | _aYoung Indian Library | ||
| 650 | _aREF | ||
| 850 | _aLCBED/REF 3 | ||
| 942 | _cBK | ||
| 999 |
_c33840 _d84319 |
||